Catálogo público

Calidad del café en México (Record no. 111373)

MARC details
000 -CABECERA
campo de control de longitud fija 01223nam a2200325 a 4500
001 - NÚMERO DE CONTROL
campo de control 000114912
003 - IDENTIFICADOR DEL NÚMERO DE CONTROL
campo de control CHAP
005 - FECHA Y HORA DE LA ÚLTIMA TRANSACCIÓN
campo de control 20251127090246.0
008 - DATOS DE LONGITUD FIJA--INFORMACIÓN GENERAL
campo de control de longitud fija 180806s2017 mx |s ||||||spa d
010 ## - NÚMERO DE CONTROL DE LA BIBLIOTECA DEL CONGRESO
Número de control de LC 111373
011 ## - ENLACE DEL NUMERO DE CONTROL DE LA BIBLIOTECA DEL CONGRESO [OBSOLETO]
Número de control de LC 112345
040 ## - FUENTE DE LA CATALOGACIÓN
Centro/agencia transcriptor CHAP
090 ## - LOCALMENTE ASIGNADO TIPO-LC NÚMERO DE CLASIFICACIÓN (OCLC); NÚMERO DE CLASIFICACIÓN LOCAL (RLIN)
Número de clasificación (OCLC) (R) ; Numero de clasificación, CALL (RLIN) (NR) CD-484
245 00 - MENCIÓN DE TÍTULO
Título Calidad del café en México
Medio [Disco compacto]
Mención de responsabilidad, etc. coordinado por José Domingo Robledo Martínez y Salvador Díaz Cárdenas.
260 ## - PUBLICACIÓN, DISTRIBUCIÓN, ETC.
Lugar de publicación, distribución, etc. Huatusco, Ver. :
Nombre del editor, distribuidor, etc. CENACAFE :
-- UACH :
-- SAGARPA,
Fecha de publicación, distribución, etc. [2017].
300 ## - DESCRIPCIÓN FÍSICA
Extensión 1 DVD ;
Dimensiones 4 3/4 plg.
490 ## - MENCIÓN DE SERIE
Mención de serie Estratégias de innovación y desarrollo tecnológico en la cafeticultura mexicana
Designación de volumen o secuencia 1
590 ## - NOTA LOCAL (RLIN)
Nota local E11695DGD
Procedencia (VM) [OBSOLETO] 10
Condición del los carretes individuales (VM) [OBSOLETO] 20190503
-- UCH01
-- 1107
590 ## - NOTA LOCAL (RLIN)
Nota local E5765TAJ
Procedencia (VM) [OBSOLETO] 05
Condición del los carretes individuales (VM) [OBSOLETO] 20180806
-- UCH01
-- 0850
650 14 - PUNTO DE ACCESO ADICIONAL DE MATERIA--TÉRMINO DE MATERIA
Término de materia o nombre geográfico como elemento de entrada Café
Subdivisión general Calidad.
9 (RLIN) 17114
650 14 - PUNTO DE ACCESO ADICIONAL DE MATERIA--TÉRMINO DE MATERIA
Término de materia o nombre geográfico como elemento de entrada Café
Subdivisión general Mercadeo.
9 (RLIN) 17169
650 14 - PUNTO DE ACCESO ADICIONAL DE MATERIA--TÉRMINO DE MATERIA
Término de materia o nombre geográfico como elemento de entrada Cafeticultores
Subdivisión general Desarrollo sustentable.
9 (RLIN) 133420
650 14 - PUNTO DE ACCESO ADICIONAL DE MATERIA--TÉRMINO DE MATERIA
Término de materia o nombre geográfico como elemento de entrada Desarrollo sustentable
Subdivisión general Aspectos ambientales.
9 (RLIN) 131313
700 1# - PUNTO DE ACCESO ADICIONAL--NOMBRE DE PERSONA
Nombre de persona Díaz Cárdenas, Salvador
Término indicativo de función/relación coord.
9 (RLIN) 33418
700 0# - PUNTO DE ACCESO ADICIONAL--NOMBRE DE PERSONA
Nombre de persona Robledo Martínez, José Domingo
Término indicativo de función/relación coord.
9 (RLIN) 98036
830 #0 - PUNTO DE ACCESO ADICIONAL DE SERIE-TÍTULO UNIFORME
Título uniforme Estratégias de innovación y desarrollo tecnológico en la cafeticultura mexicana
Designación de volumen o secuencia 1
9 (RLIN) 135308
901 ## - ELEMENTOS DE DATOS A LOCAL LDA (RLIN)
a BK
942 ## - ELEMENTOS DE PUNTO DE ACCESO ADICIONAL (KOHA)
Tipo de ítem Koha DVD
942 ## - ELEMENTOS DE PUNTO DE ACCESO ADICIONAL (KOHA)
Suprimir en OPAC 0
Holdings
Estado de retiro Estado de pérdida Estado dañado Restricciones de uso No para préstamo Código de colección Localización permanente Ubicación/localización actual Fecha de adquisición Información codificada de la localización en otra ubicación Total de préstamos Signatura topográfica completa Código de barras Fecha visto por última vez Precio válido a partir de Tipo de ítem Koha Nota pública Número de copia
      Préstamo interno2 Excluido de préstamo Material multimedia Biblioteca Central Biblioteca Central 06/08/2018 DVD   CD-484 33724002554017 31/12/2019 31/12/2019 DVD Recien adquirido  
      Préstamo interno2 Excluido de préstamo Material multimedia Biblioteca Central Biblioteca Central 06/08/2018 DVD   CD-484 33724002554058 31/12/2019 31/12/2019 DVD Recien adquirido c.2